000 00889nam a2200241Ia 4500
003 GCL
005 20240530102509.0
008 140319s9999 xx 000 0 ara d
020 _a9770300594
040 _aGCL /
_cGCL
082 0 4 _a953.071
_bم ب
100 1 _aمارسية, جورج
245 1 0 _aبلاد المغرب وعلاقتها بالمشرق الاسلامى فى العصور الوسطى /
_cمارسية, جورج
260 _aالاسكندرية :
_bمنشاة المعارف الاسلامية ،
_c1991
300 _a352 ص ؛
_c20 سم
650 0 4 _aالتاريخ الاسلامى
650 0 4 _aانتشار الاسلام
650 0 4 _aالحضارة الاسلامية
650 0 4 _aالمغرب العربى
700 1 _aمحمود عبدالصمد هيكل
_eمترجم
700 1 _aمصطفى ابو ضيف احمد
_eمراجع
942 _2ddc
_cBK
999 _c32681
_d32681